[Event "Mont de Marsan op 9th"]
[Site "Mont de Marsan"]
[Date "2012.12.28"]
[Round "6"]
[White "Gonzalez Fernandez, Jorge"]
[Black "Maigne, Daniel"]
[Result "1-0"]
[WhiteElo "1862"]
[BlackElo "1436"]
[PlyCount "85"]
[EventDate "2012.12.27"]
[EventType "swiss"]
[EventRounds "9"]
[EventCountry "FRA"]
[SourceTitle "CBM 152 Extra"]
[Source "ChessBase"]
[SourceDate "2013.02.25"]
[SourceVersion "1"]
[SourceVersionDate "2013.02.25"]
[SourceQuality "1"]

1. e4 c5 2. Nf3 d6 3. d4 cxd4 4. Nxd4 Nc6 5. Nc3 a6 6. g3 e6 7. Bg2 Nge7 8. 0-0 Ng6 9. Be3 Nge5 10. b3 b5 11. f4 Nxd4 12. Bxd4 Nc6 13. Kh1 Bb7 14. Be3 Be7 15. Ne2 0-0 16. f5 Ne5 17. Nf4 exf5 18. exf5 Bxg2+ 19. Kxg2 Qd7 20. Nd5 Qb7 21. Kg1 f6 22. a4 b4 23. a5 Rfe8 24. Bb6 Rac8 25. Nxb4 Qe4 26. Rf4 Qb7 27. c4 Bf8 28. Qd5+ Qxd5 29. Nxd5 Nd3 30. Rd4 Ne1 31. Rdd1 Nc2 32. Ra2 Re1+ 33. Rxe1 Nxe1 34. Nc7 d5 35. Nxd5 Bd6 36. Re2 Nf3+ 37. Kg2 Ne5 38. h3 h5 39. Rc2 Kh7 40. c5 Nd3 41. Rc3 Ne1+ 42. Kf2 Be5 43. Kxe1 1-0